Modern Logistics Technologies in the Conditions of Slovak Enterprises
Hlavným cieľom príspevku je preskúmať logistické technológie používané v slovenských podnikoch. Zámerom je analyzovať uvažovanú problematiku literárnym výskumom a prieskumom, ktorý sa uskutočnil v podnikoch na Slovensku. Pre komplexný pohľad bolo potrebné v prvej časti príspevku definovať pojmy a p...
Gespeichert in:
| 1. Verfasser: | |
|---|---|
| Format: | Buchkapitel |
| Sprache: | Englisch |
| Schlagworte: | |
| Tags: |
Keine Tags, Fügen Sie das erste Tag hinzu!
|
MARC
| LEADER | 00000naa$a2200000$$$4500 | ||
|---|---|---|---|
| 001 | 0270196 | ||
| 005 | 20240521100607.0 | ||
| 041 | 0 | |a eng | |
| 044 | |a FR | ||
| 245 | 1 | 0 | |a Modern Logistics Technologies in the Conditions of Slovak Enterprises |c Patrik Richnák |
| 520 | |a Hlavným cieľom príspevku je preskúmať logistické technológie používané v slovenských podnikoch. Zámerom je analyzovať uvažovanú problematiku literárnym výskumom a prieskumom, ktorý sa uskutočnil v podnikoch na Slovensku. Pre komplexný pohľad bolo potrebné v prvej časti príspevku definovať pojmy a pojmy - technológia, logistická technológia a typy logistických technológií. | ||
| 610 | 2 | 0 | |a technológie nové |
| 610 | 2 | 0 | |a digitalizácia |
| 610 | 2 | 0 | |a podnik |
| 610 | 2 | 0 | |a analýza komparatívna |
| 610 | 2 | 0 | |a Slovensko |
| 100 | 1 | |a Richnák, Patrik, 1988- | |